|
|
|
|
| LEADER |
00000nam0a2200000 4500 |
| 001 |
165517 |
| 005 |
20231031161817.0 |
| 035 |
|
|
|a (RuTPU)RU\TPU\book\179545
|
| 090 |
|
|
|a 165517
|
| 100 |
|
|
|a 20090918d1987 km y0rusy50 ca
|
| 101 |
0 |
|
|a rus
|
| 102 |
|
|
|a RU
|
| 105 |
|
|
|a y z 001zy
|
| 200 |
1 |
|
|a Изучая геохимию
|e о методологии науки
|f А. И. Перельман
|g Академия наук СССР (АН СССР)
|
| 210 |
|
|
|a Москва
|c Наука
|d 1987
|
| 215 |
|
|
|a 152 с.
|
| 225 |
1 |
|
|a Наука и технический прогресс
|
| 320 |
|
|
|a Библиогр.: с. 150-151.
|
| 610 |
1 |
|
|a геохимия
|
| 610 |
1 |
|
|a методология
|
| 610 |
1 |
|
|a философия
|
| 610 |
1 |
|
|a научная теория
|
| 610 |
1 |
|
|a терминология
|
| 610 |
1 |
|
|a системные подходы
|
| 610 |
1 |
|
|a информация
|
| 610 |
1 |
|
|a техногенез
|
| 675 |
|
|
|a 550.4
|v 3
|
| 700 |
|
1 |
|a Перельман
|b А. И.
|g Александр Ильич
|
| 712 |
0 |
2 |
|a Академия наук СССР (АН СССР)
|2 stltpush
|3 (RuTPU)RU\TPU\col\722
|
| 801 |
|
1 |
|a RU
|b 63413507
|c 20090918
|
| 801 |
|
2 |
|a RU
|b 63413507
|c 20100224
|g RCR
|
| 942 |
|
|
|c BK
|